| 000 | 00973cad a22002175a 4500 | ||
|---|---|---|---|
| 001 | L156539 | ||
| 008 | 120606s2012 xxk 000 0 eng d | ||
| 035 | _a(Sirsi) u156539 | ||
| 041 | 0 | _aeng | |
| 110 | 2 |
_aJones Lang LaSalle _93755 |
|
| 245 | 0 | 0 |
_aChina Property Market Monitor _bMay 2012 |
| 260 |
_a[S.l.] _bJLL _c2012 |
||
| 490 | 0 |
_aJones Lang LaSalle China Property Market Monitor _vMay 2012 |
|
| 520 | _aHighlights key developments or trends in China's real estate market during April 2012 with a focus on Guangzhou, Tianjin, Chengdu, Beijing and Shanghai property markets. Provides national and local headlines and news across residential, industrial, investment, retail and hotel sectors. | ||
| 590 | _aKA | ||
| 651 | 4 | _aChina | |
| 690 |
_aCommercial property _96227 |
||
| 690 |
_aResidential property _96266 |
||
| 856 | 4 | 0 |
_uhttps://www.joneslanglasalle.com.cn/China/EN-GB/Pages/ResearchFilter.aspx _zView the report at www.joneslanglasalle.com.cn |
| 942 | _n0 | ||
| 999 |
_c84065 _d84065 |
||